[Event "Hamburg Junge op"]
[Site "Hamburg"]
[Date "2005.10.03"]
[Round "3"]
[White "Wiese, Phil"]
[Black "Siregar, Tera"]
[Result "1/2-1/2"]
[WhiteElo "1961"]
[BlackElo "2052"]
[PlyCount "87"]
[EventDate "2005.10.01"]
[EventType "swiss"]
[EventRounds "9"]
[EventCountry "GER"]
[SourceTitle "CBM 108 Extra"]
[Source "ChessBase"]
[SourceDate "2005.11.04"]
[SourceVersion "1"]
[SourceVersionDate "2005.11.04"]
[SourceQuality "1"]

1. e4 c6 2. Nc3 d5 3. Qf3 d4 4. Bc4 Nf6 5. Nce2 e5 6. a3 Be7 7. d3 0-0 8. g4 h6 9. g5 hxg5 10. Bxg5 Nh7 11. Bd2 a5 12. a4 b5 13. Bb3 Nd7 14. Qg2 Nc5 15. Nf3 Nxb3 16. cxb3 Bf6 17. Rg1 Kh8 18. h4 Be6 19. Ng5 Bxb3 20. Nxh7 Kxh7 21. Qg4 Rh8 22. Ng3 Be6 23. Nf5 Kg8 24. Qg2 Bxf5 25. exf5 Qd7 26. axb5 Rc8 27. bxc6 Rxc6 28. Rxa5 Rc8 29. Bg5 Qxf5 30. Bxf6 Qxf6 31. Ra8 Kh7 32. Qe4+ g6 33. Rxc8 Rxc8 34. Rg2 Rc2 35. h5 Rxb2 36. hxg6+ fxg6 37. Rh2+ Kg7 38. Qd5 Qe7 39. Qa8 Kf6 40. Qh8+ Kf5 41. Qh3+ Kf6 42. Qh8+ Kf5 43. Qh3+ Kf6 44. Qh8+ 1/2-1/2